000 00774nam a2200253Ia 4500
003 GCL
008 140319s9999 xx 000 0 ara d
040 _aGCL /
_cGCL
082 0 4 _a415
_bز م
100 1 _aالزجاجى , ابوالقاسم عبدالرحمن
245 1 0 _aمجالس العلماء /
_cالزجاجى , ابوالقاسم عبدالرحمن
700 1 _aعبدالسلام محمد هارون
260 _a[S.N] :
_bمكتبة الخانجى ،
_c1983
300 _a344 ص
490 _a
650 0 4 _aالنحو
650 0 4 _aالالفاظ
650 0 4 _aاللغة العربية
650 0 4 _aالتراجم
650 0 4 _aاعلام العرب
650 0 4 _aالعلماء العرب
650 0 4 _aالدلالة
942 _2ddc
_cBK
999 _c36872
_d36872